Regional unemployment and employment policy in Slovakia

Saved in:
Bibliographic Details
Main Author: Ochotnický, Pavol
Other Authors: Kohútová, Jana
Format: Book
Language:English
Published: Vienna Institute for Advanced Studies 1994
Series:East European Studies no. 8
Subjects:
Tags: Add Tag
No Tags, Be the first to tag this record!

MARC

LEADER 00000nam a2200000 4500
001 c005483
005 20221205140059.8
041 0 |a eng 
044 |a AT 
245 1 0 |a Regional unemployment and employment policy in Slovakia  |c Pavol Ochotnický, Jana Kohútová 
264 1 |a Vienna  |b Institute for Advanced Studies  |c 1994 
300 |a 18 s. 
490 1 |a East European Studies  |v no. 8 
830 0 |a East European Studies  |v no. 8 
610 2 0 |a Slovensko 
610 2 0 |a zamestnanosť 
610 2 0 |a nezamestnanosť 
610 2 0 |a regióny 
610 2 0 |a trh práce 
100 1 |a Ochotnický, Pavol 
700 1 |a Kohútová, Jana